Hawthorn Players - 2024 - Statistics

General Stats
  • This quiz has been taken 112 times
  • The average score is 33 of 45
Answer Stats
Picture Answer % Correct
James Sicily
98%
Nick Watson
96%
Jarman Impey
95%
Mabior Chol
95%
Will Day
95%
Jack Ginnivan
94%
Jai Newcombe
94%
Dylan Moore
93%
Jack Gunston
91%
James Worpel
91%
Luke Breust
91%
Massimo D'Ambrossio
91%
Blake Hardwick
90%
Calsher Dear
90%
Connor Nash
90%
Josh Weddle
90%
Changkuoth Jiath
89%
Connor Macdonald
89%
Karl Amon
89%
Jack Scrimshaw
88%
Mitch Lewis
88%
Harry Morrison
86%
Lloyd Meek
85%
Sam Frost
85%
Ned Reeves
83%
Chad Wingard
81%
Josh Ward
76%
Cam Mackenzie
74%
Jai Serong
70%
Bailey Macdonald
66%
Seamus Mitchell
65%
Finn Maginness
64%
Sam Butler
63%
James Blanck
54%
Denver Grainger-Barras
53%
Henry Hustwaite
53%
Max Ramsden
51%
William McCabe
48%
Bodie Ryan
40%
Jasper Scaife
35%
Cooper Stephens
29%
Joshua Bennetts
25%
Ethan Phillips
19%
Clay Tucker
18%
Jack O'Sullivan
14%
No matching quizzes found
Score Distribution
Percent of People with Each Score
Percentile by Number Answered
Your Score History
You have not taken this quiz